000 00909nac a22002171u 4500
010 _a 93003743
020 _a0813317665 (acid-free paper)
082 0 0 _a336.36091
_bLEE
090 _c9338
_d9338
100 _aLee, Boon-Chye.
245 1 4 _aThe economics of international debt renegotiation :
_bthe role of bargaining and information /
_cBoon-Chye Lee.
260 _aBoulder :
_bWestview Press,c.1993.
_cc.1993.
300 _aix, 141 p. :
_bill. ;
_c23 cm.
500 _aDistributer: Al-Ahram.
504 _aIncludes bibliographical references (p. [123]-134) and indexes.
511 _aCatalogued By: Mahitab.
650 0 _aDebt relief
_zDeveloping countries.
650 0 _aLoans, Foreign
_zDeveloping countries.
942 _cBB
_k336.36091LEE
999 _c9338
_d9338